Těsnopisecká zpráva o schůzi Národního shromáždení Republiky československé v Praze
Salvato in:
| Natura: | Periodico |
|---|---|
| Lingua: | ceco |
| Pubblicazione: |
Praha
Národní shromáždení Republiky československé
1956
|
| Tags: |
Nessun Tag, puoi essere il primo ad aggiungerne!!
|
MARC
| LEADER | 00000nas2a2200000$$$4500 | ||
|---|---|---|---|
| 001 | 0009540 | ||
| 005 | 20250730114819.2 | ||
| 041 | 0 | |a cze | |
| 044 | |a CZ | ||
| 245 | 1 | 0 | |a Těsnopisecká zpráva o schůzi Národního shromáždení Republiky československé v Praze |
| 264 | 1 | |a Praha |b Národní shromáždení Republiky československé |c 1956 | |
| 773 | 0 | |w eu_un_cat*0009537 | |